00587 2200193 4500001002100000005001500021035002000036008004100056245003800097100002200135250000600157260004500163300001200208084001400220082000800234650001400242520012500256990001200381INLIS00000000000128420240521014450 a0010-0524000519240521 0 ind 1 aJendela Hati /cSari Pusparini S. aPusparini S, Sari a1 aBandung :bPT. Remaja Rosda Karya,c2009 a242 hlm a300 SAR j a300 4aNon Fiksi aBuku ini berisikan pembahasan tentang kisah Susilo Bambang Yudhoyono ketika menjabat sebagai presiden Republik Indonesia a0744156